000 00758nam a2200205 a 4500
001 000005405
005 20200929151652.0
008 090819s1994 sp d 000 0 spa d
020 _a8400074238
040 _aDO-SdBNP
082 _axxxx
_bB616a
245 0 3 _aLa biotecnología y su aplicación industrial en España /
_ccoordinadores José López Carrascosa ; prólogo Aurelia Mondrego Rico.
260 _aMadrid :
_bCSIC : Universidad Carlos III,
_c1994.
300 _a269 p. :
_bdiagraf. ;
_c24 cm.
504 _aIncluye referencias bibliográficas y notas al pie de las páginas
504 _aIncluye bibliografías
700 1 _aLópez Carrascosa, José,
_ecoord.
_915343
700 1 _aMondrego Rico, Aurelia,
_ecoord. y pról.
_915344
049 _aBNPD
999 _c5205
_d5205